1152 1501 1429 1323 1473 1564 1449 1277 1125 1465 1886 1139 1925 1705 1466 1077 1756 1193 1811 1071 1677 1318 1940 1526 1178 1508 1187 1600 1901 1714 1808 1985 1369 1748 1695 1463 1455 1499 1377 1459 1016 1619 1615 1314 1522 1882 1819 1893 1043 1368 1459 1110 1612 1308 1634 1545 1736 1854 1382 1866 1196 1233 1613 1203 1766 1395 1402 1138 1115 1002 1215 1400 1711 1301 1422 1997 1914 1634 1356 1182 1408 1347 1084 1824 1933 1951 1374 1098 1605 1177 1566 1646 1404 1005 1117 1883 1766 1335 1716 BCNSPRNW ULIB Ver.6.0+V

เปลี่ยนเป็นภาษาไทย

Change to English
 แสดงรายละเอียดบรรณานุกรม
  กลับหน้าหลัก

Brief Record : Get Marc (ISO 2709) : E-mail record : QR code < ปิดหน้าต่าง
LEADER : 00000nam 2200000uu 4500
001    13399127731
003     ULIB
008    020711s2556 th a 000 0 tha d
020    ู^a9786162548765
050    ^aนว^bช799จ^cล.1
100    ^aโชอู
245    ^aจอมกระบี่เทพสังหาร เล่ม 1
250    ^aพิมพ์ครั้งที่ 1
260    ^aกรุงเทพฯ :^bสยามอินเตอร์บุ๊คส์,^c2556
300    ^a248 หน้า;^b21 ซม.
650    ^aนวนิยาย
945    ^p220^l0^i008042
999    ^aประนอม เกษจรัล
รายการนี้ยังไม่มีแท็ก
คุณยังไม่ได้ล็อกอิน คุณสามารถมีกิจกรรมร่วมกับเว็บไซต์ได้ แต่ต้องล็อกอินก่อน ::
  ล็อกอิน

รายการสื่อสารสนเทศ

ลำดับที่ ประเภท เลขเรียก/บาร์โค้ด สถานที่ สถานะ
1. นวนิยาย
นวนิยาย
นว ช799จ ล.1 ฉ.1 
  Barcode: 008042
ห้องสมุดวิทยาเขตสวรรค์ประชารักษ์
►หนังสือทั่วไป
บนชั้น

รายการใกล้เคียง
    ชื่อเรื่อง [จอมกระบี่เทพสังหาร เล่ม 1]

    ผู้แต่ง [โชอู]

    หัวเรื่อง [นวนิยาย]

BibComment


ยังไม่เคยถูกคอมเมนท์

คอมเมนท์ทรัพยากรรายการนี้
  คอมเมนท์: จอมกระบี่เทพสังห..


 Copyright 2026. Bcnsprnw @Library